000 00728nam a2200241Ia 4500
003 OSt
005 20220927105458.0
006 a|||||r|||| 00| 0
007 ta
008 220926b |||||||| |||| 00| 0 eng d
024 _a186822
037 _cReference Collections
040 _aRTL
_cRTL
_beng
041 _2eng
_aeng
082 _a"V1N45,93:3:(XoaY).N47, H7/UN"
110 _a"UNITED NATIONS, ECONOMIC AND SOCIAL COUNCIL"
_9353648
245 0 _aOfficial records.
260 _aNew
_bYork UN
_c1947
300 _a21p.
_ccm.
700 _a"UNITED NATIONS, ECONOMIC AND SOCIAL COUNCIL"
_9353649
942 _h"V1N45,93:3:(XoaY).N47, H7/UN"
_cCC
999 _c692749
_d692749